000 00631nam a2200229Ia 4500
003 OSt
005 20221005123449.0
006 a|||||r|||| 00| 0
007 ta
008 221004b |||||||| |||| 00| 0 eng d
024 _a26625
037 _cTextual
040 _aCRL
_cCRL
_beng
041 _2eng
_aeng
082 _a2k, L1
100 _aHarrod Leonard Montague
_9424482
245 0 _aLibrarians glossary of terms used in librarianship and book crafts and reference books
260 _c1971
650 _aLIBRARY SCIENCE
942 _h2k, L1
_cTEXL
_2cc
999 _c1047489
_d1047489